|
|
|
แสดงรายละเอียดบรรณานุกรม |
|
|
Brief Record
: Get Marc (ISO 2709)
: E-mail record
: |
|
|
| LEADER 00000nam 2200000uu 4500 | |||
| 001 13399128511 | |||
| 003 BCNR | |||
| 008 220426s2566 th a 001 0 tha d | |||
| 020 ^a9789740340072 | |||
| 041 ^atha | |||
| 060 04 ^aWM171.5^bส661ศ 2566 | |||
| 100 0 ^aสายฝน เอกวรางกูร | |||
| 245 10 ^aศาสตร์และศิลป์การบำบัดดูแลผู้สูงอายุที่มีภาวะซึมเศร้า /^cสายฝน เอกวรางกูร | |||
| 250 ^aพิมพ์ครั้งที่ 2 | |||
| 260 ^aกรุงเทพฯ :^bสำนักพิมพ์จุฬาลงกรณ์มหาวิทยาลัย,^c2566 | |||
| 300 ^a231 หน้า :^bภาพประกอบ ;^c26 ซม. | |||
| 505 0 ^aบทที่ 1 ผู้สูงอายุกับภาวะซึมเศร้า : สถานการณ์ ความต้องการและแนวทางการบำบัดรักษาพยาบาลและการดูแลช่วยเหลือ -- บทที่ 2 ความรู้ที่เกี่ยวข้องกับภาวะซึมเศร้าและการเกิดภาวะซึมเศร้าในผู้สูงอายุ -- บทที่ 3 ปัจจัยที่เกี่ยวข้องกับภาวะซึมเศร้าในผู้สูงอายุ -- บทที่ 4 การบำบัดรักษาพยาบาลและการดูแลช่วยเหลือผู้สูงอายุที่มีภาวะซึมเศร้า -- บทที่ 5 การบำบัดด้านจิตสังคมสำหรับผู้สูงอายุ : บทเรียนจากคลินิกเพื่อใจ -- บทที่ 6 จิตอาสาเด็กและเยาวชนกับการใช้ภาษารักเพื่อดูแลใจผู้สูงอายุที่มีภาวะซึมเศร้าในชุมชน : เชื่อมโยงบทเรียนเชิงพื้นที่จากงานวิจัยสู่การเรียนการสอน การบริการวิชาการและการทำนุบำรุงศิลปวัฒนธรรม -- บทที่ 7 อาสาสมัครสาธารณสุขประจำหมู่บ้านกับการพลิกฟื้นภาวะจิตใจของผู้สูงอายุที่มีภาวะซึมเศร้า : บทเรียนจากงานวิจัยสู่งานบริการวิชาการเชิงพื้นที่ -- บทที่ 8 การดูแลใจตนเองของผู้สูงอายุที่มีภาวะซึมเศร้า | |||
| 650 4 ^aการพยาบาลจิตเวชศาสตร์ | |||
| 650 4 ^aจิตเวชศาสตร์ผู้สูงอายุ | |||
| 650 4 ^aภาวะซึมเศร้าในผู้สูงอายุ | |||
| 650 4 ^aความซึมเศร้า | |||
| 650 4 ^aภาวะซึมเศร้าในผู้สูงอายุ^xการรักษา | |||
| 650 4 ^aผู้สูงอายุ^xการดูแล | |||
| 650 4 ^aผู้ป่วยจิตเวช | |||
| 650 4 ^aผู้ป่วยจิตเวช^xการดูแล | |||
| 650 4 ^aผู้สูงอายุ^xสุขภาพจิต | |||
| 650 4 ^aภาวะซึมเศร้าในผู้สูงอายุ^xผู้ป่วย^xการดูแล | |||
| 999 ^aบรรณารักษ์ | |||
| คุณยังไม่ได้ล็อกอิน คุณสามารถมีกิจกรรมร่วมกับเว็บไซต์ได้ แต่ต้องล็อกอินก่อน :: |
|
| สถานะ | |||||||||
| 1. | หนังสือ | WM171.5 ส661ศ 2566 c.1 Barcode: 086021 | ►หนังสือทั่วไป | On Shelf | |||||
| 2. | หนังสือ | WM171.5 ส661ศ 2566 c.2 Barcode: 086022 | ►หนังสือทั่วไป | On Shelf | |||||
| 3. | หนังสือ | WM171.5 ส661ศ 2566 c.3 Barcode: 086023 | ►หนังสือทั่วไป | On Shelf | |||||
| 4. | หนังสือ | WM171.5 ส661ศ 2566 c.4 Barcode: 087894 | ►หนังสือทั่วไป | On Shelf | |||||
| 5. | หนังสือ | WM171.5 ส661ศ 2566 c.5 Barcode: 087895 | ►หนังสือทั่วไป | On Shelf | |||||
| 6. | หนังสือ | WM171.5 ส661ศ 2566 c.6 Barcode: 087896 | ►หนังสือทั่วไป | On Shelf | |||||
| 7. | หนังสือ | WM171.5 ส661ศ 2566 c.7 Barcode: 087897 | ►หนังสือทั่วไป | On Shelf | |||||
| 8. | หนังสือ | WM171.5 ส661ศ 2566 c.8 Barcode: 087898 | ►หนังสือทั่วไป | On Shelf | |||||
| 9. | หนังสือ | WM171.5 ส661ศ 2566 c.9 Barcode: 087899 | ►หนังสือทั่วไป | On Shelf | |||||
| 10. | หนังสือ | WM171.5 ส661ศ 2566 c.10 Barcode: 087900 | ►หนังสือทั่วไป | On Shelf | |||||
| [แสดง 10/10 รายการ] | |||||||||
BibComment |
| คอมเมนท์ทรัพยากรรายการนี้ |
|
|